চিত্রে প্রাচীন ভারত/ (Record no. 1432011)

MARC details
000 -LEADER
fixed length control field 01522nam a2200349 a 4500
001 - CONTROL NUMBER
control field vtls002012759
003 - CONTROL NUMBER IDENTIFIER
control field NLI
005 - DATE AND TIME OF LATEST TRANSACTION
control field 20210630170735.0
008 - FIXED-LENGTH DATA ELEMENTS--GENERAL INFORMATION
fixed length control field 180727s2011 ii a g 000 0 ben c
020 ## - INTERNATIONAL STANDARD BOOK NUMBER
International Standard Book Number 9788177569834
Terms of availability Rs.350.00
039 #9 - LEVEL OF BIBLIOGRAPHIC CONTROL AND CODING DETAIL [OBSOLETE]
Level of rules in bibliographic description 201807271406
Level of effort used to assign nonsubject heading access points prasenjits
Level of effort used to assign subject headings 201807271402
Level of effort used to assign classification prasenjits
Level of effort used to assign subject headings 201807271401
Level of effort used to assign classification prasenjits
Level of effort used to assign subject headings 201807271359
Level of effort used to assign classification prasenjits
-- 201807271358
-- prasenjits
040 ## - CATALOGING SOURCE
Original cataloging agency NLI
Language of cataloging ben
Transcribing agency Bengali Div
Description conventions AACR2
041 0# - LANGUAGE CODE
Language code of text/sound track or separate title ben
044 ## - COUNTRY OF PUBLISHING/PRODUCING ENTITY CODE
MARC country code ii
082 04 - DEWEY DECIMAL CLASSIFICATION NUMBER
Classification number 759.954
Edition number 23
100 1# - MAIN ENTRY--PERSONAL NAME
Linkage 880-01
Personal name বন্দ্যোপাধ্যায়, প্রভাতমোহন,
Dates associated with a name 1904-1987
9 (RLIN) 1343215
245 10 - TITLE STATEMENT
Linkage 880-02
Title চিত্রে প্রাচীন ভারত/
Statement of responsibility, etc. প্রভাতমোহন বন্দ্যোপাধ্যায়
260 ## - PUBLICATION, DISTRIBUTION, ETC.
Place of publication, distribution, etc. কলকাতা :
Name of publisher, distributor, etc. আনন্দ,
Date of publication, distribution, etc. 2011
300 ## - PHYSICAL DESCRIPTION
Extent 71 p. :
Other physical details col. ill. ;
Dimensions 27 cm.
500 ## - GENERAL NOTE
General note Paintings and other art objects from India's history.
650 #0 - SUBJECT ADDED ENTRY--TOPICAL TERM
Topical term or geographic name entry element Art
Geographic subdivision India
General subdivision History
9 (RLIN) 878738
650 #0 - SUBJECT ADDED ENTRY--TOPICAL TERM
Topical term or geographic name entry element Painting, Indic
General subdivision History
9 (RLIN) 1343216
880 1# - ALTERNATE GRAPHIC REPRESENTATION
Linkage 100-01(B
a Bandyopādhyāy, Prabhātmohan,
d 1904-1987
880 10 - ALTERNATE GRAPHIC REPRESENTATION
Linkage 245-02(B
a Citre prācīn Bhārat /
c Prabhātmohan Bandyopādhyāy
887 ## - NON-MARC INFORMATION FIELD
Content of non-MARC field Prasenjit1
901 ## - LOCAL DATA ELEMENT A, LDA (RLIN)
a 79245 :
b 30.1.2012
902 ## - LOCAL DATA ELEMENT B, LDB (RLIN)
a B 759.954 V 498
904 ## - LOCAL DATA ELEMENT D, LDD (RLIN)
a Prasenjit1
949 ## - LOCAL PROCESSING INFORMATION (OCLC)
-- VIRTUAITEM
-- 10000
-- 100
6 DBA000079245BEN
e 79245
942 ## - ADDED ENTRY ELEMENTS (KOHA)
Source of classification or shelving scheme Dewey Decimal Classification
Koha item type Books
Holdings
Withdrawn status Lost status Damaged status Not for loan Collection code Home library Current library Shelving location Date acquired Total Checkouts Full call number Barcode Date last seen Price effective from Koha item type
        Bengali National Library of India National Library of India Bengali - Books - Main Stack Division     B 759.954 V 498 DBA000079245BEN 30/06/2021 30/06/2021 Books
                                                                           
web counter

Copyright ©2020 The National Library of India, Govt. of India ↔ Hosted by NVLI, MOC ↔ Technology and Design by National Library of India, Ministry of Culture, Govt. of India